000 00292nam a22001337a 4500
008 180928b xxu||||| |||| 00| 0 eng d
020 _a9780256124033
041 _aeng
080 _23rd
_a330.722.6
100 _a61
101 _aKF
245 _aAccounting
_cMueller,G.G
942 _2udc
_cBK
999 _c48669
_d48669